Mycotrophy in plants : lectures on the biology of mycorrhizae and related structures (Record no. 350214)

MARC details
000 -LEADER
fixed length control field 003960000a22001450004500
060 ## - NATIONAL LIBRARY OF MEDICINE CALL NUMBER
Classification number 100
082 ## - DEWEY DECIMAL CLASSIFICATION NUMBER
Classification number 589.204 52482 KEL
100 ## - MAIN ENTRY--PERSONAL NAME
Personal name Kelley, Arthur P.
245 ## - TITLE STATEMENT
Title Mycotrophy in plants : lectures on the biology of mycorrhizae and related structures
260 ## - PUBLICATION, DISTRIBUTION, ETC. (IMPRINT)
Place of publication, distribution, etc. Dehra Dun, Bishen singh mahendra pal singh
260 ## - PUBLICATION, DISTRIBUTION, ETC. (IMPRINT)
Date of publication, distribution, etc. 1990
300 ## - PHYSICAL DESCRIPTION
Extent 14 223
650 ## - SUBJECT ADDED ENTRY--TOPICAL TERM
Topical term or geographic name as entry element Mycorrhizas
942 ## - ADDED ENTRY ELEMENTS (KOHA)
Koha item type Books (General)
Holdings
Withdrawn status Lost status Damaged status Not for loan Home library Current library Date acquired Total Checkouts Full call number Barcode Date last seen Price effective from Koha item type
        College of Agriculture, Vellayani College of Agriculture, Vellayani 02/05/2014   589.204 52482 KEL KAU_COAV-22062 02/05/2014 02/05/2014 Books (General)
Kerala Agricultural University Central Library
Thrissur-(Dt.), Kerala Pin:- 680656, India
Ph : (+91)(487) 2372219
E-mail: librarian@kau.in
Website: http://library.kau.in/